000 00888nam a22002297a 4500
005 20240530110605.0
008 161031s2014 ua a g b 000 0 ara d
017 _a2014/2953
_bمصر. دار الكتب
020 _a9772329618
040 _aEG-CaGPL
_cEG-CaGPL
082 0 4 _221
_a372.61\
_bم م
100 0 _aمحمد رجب فضل الله .
245 1 2 _aالمرجع فى تدريس منهج اللغة العربية بالتعليم الاساسى /
_cمحمد رجب فضل الله .
250 _aط.1
260 _aالقاهرة :
_bعالم الكتب ،
_c2014 .
300 _a477 ص ؛
_c24 سم .
504 _aيشتمل على ارجاعات ببليوجرافية
650 0 7 _2qrmak
_aاللغة العربية
_xطرق تدريس .
650 0 7 _2qrmak
_aالقراءة
_xطرق تدريس .
942 _2ddc
_cBK
999 _c62744
_d62744